Statistics for 北海道の主要道道(1-151号)

Click here to take the quiz!

General Stats

  • This quiz has been taken 26 times
    (20 since last reset)
  • The average score is 201 of 327

Answer Stats

Answer% Correct
富良野
93%
93%
札幌
93%
夕張
93%
旭川
93%
稚内
93%
釧路
93%
函館
93%
根室
93%
襟裳
93%
小樽
87%
帯広
87%
留萌
87%
倶知安
87%
ニセコ
87%
87%
音威子府
87%
室蘭
87%
87%
西
87%
千歳
87%
岩見沢
87%
芦別
80%
砂川
80%
80%
新得
80%
北見
80%
苫小牧
80%
80%
美深
80%
江差
80%
木古内
80%
江別
80%
洞爺
80%
増毛
80%
枝幸
80%
登別
80%
空港
73%
豊富
73%
池田
73%
石狩
73%
浜頓別
73%
八雲
73%
斜里
73%
当別
73%
網走
73%
赤平
73%
中頓別
73%
北広島
73%
伊達
73%
天塩
67%
奈井江
67%
士別
67%
中川
67%
深川
67%
恵庭
67%
猿払
67%
浦幌
67%
女満別
67%
寿都
67%
中標津
67%
美唄
67%
礼文
67%
厚岸
67%
余市
67%
三笠
67%
京極
60%
清水
60%
利尻
60%
留辺蘂
60%
上磯
60%
公園
60%
月形
60%
羅臼
60%
美瑛
60%
弟子屈
60%
鵡川
60%
門別
60%
奥尻
60%
標茶
60%
陸別
60%
幌延
60%
別海
60%
大樹
60%
士幌
60%
遠軽
60%
音更
53%
栗山
53%
白糠
53%
白老
53%
当麻
53%
遠別
53%
停車場
53%
愛別
53%
美幌
53%
常呂
53%
支笏
53%
豊浦
53%
音別
53%
知床
53%
置戸
53%
下川
53%
雄武
53%
静内
53%
幌加内
53%
定山渓
53%
和寒
53%
鹿部
53%
手稲
53%
赤井川
53%
芽室
53%
摩周
53%
鷹栖
53%
浜益
47%
雨竜
47%
平取
47%
豊頃
47%
滝の上
47%
大滝
47%
幕別
47%
東神楽
47%
厚田
47%
岩内
47%
浜中
47%
大沼
47%
黒松内
47%
銭函
47%
津別
40%
恵山
40%
厚真
40%
本別
40%
厚沢部
40%
中札内
40%
鶴居
40%
小平
33%
33%
北檜山
33%
穂別
33%
鹿追
33%
糠平
33%
利尻富士
33%
端野
33%
環状
33%
南茅部
33%
インター
27%
屈斜路
27%
清田
27%
真駒内
27%
湖畔
20%
浜佐呂間
20%
西野
13%
鴛泊
13%
半島
13%
新川
13%
前田
13%
宮の沢
13%
多度志
13%
川湯
13%
沓形
13%
錦岡
7%
樽前
7%
豊里
7%
東瓜幕
7%
糠内
7%
稲田
7%
美沢
7%
静川
7%
峠下
7%
北一条
7%
仙法志
7%

Score Distribution

Percentile by Number Answered

Percent of People with Each Score

Your Score History

You have not taken this quiz since the last reset